000 00408nam a2200145Ia 4500
008 181130s2018 xx 000 0 und d
100 _aSaxena, Naresh Chandra
245 _aHas the IAS failed the nation?:
_ban insider's view
260 _c2018
300 _ap.14-17.
504 _d23-Jun
650 _aCivil service - India
773 _aEconomic and Political Weekly
906 _aCivil service - India
999 _c506709
_d506709